| 000 | 00442nam a22001577a 4500 | ||
|---|---|---|---|
| 999 |
_c15710 _d15710 |
||
| 003 | OSt | ||
| 082 |
_a631.3 _bJIT/D |
||
| 088 | _aP 443 | ||
| 100 |
_aJithu P Ajith _94221 |
||
| 100 |
_aPrithviraj V _94222 |
||
| 100 |
_aShivendra Patel _94223 |
||
| 245 | _aDevelopment and testing of a domestic coconut climber | ||
| 260 |
_aTavanur _bDepartment of Farm Machinery and power engineering _c2019 |
||
| 700 |
_aJayan P R (guide) _93301 |
||
| 942 | _cPR | ||